Konvensyen Kedua Kumpulan Meningkat Mutu Kerja (KMK/QCC) Dalam Sektor Awam : Teks Persembahan Kumpulan :

Bibliographic Details
Format: Book
Published: Kuala Lumpur : Institut Tadbiran Awam Negara Malaysia , 1985
Subjects:

MARC

LEADER 00000cam a2200000 7i4500
001 0000003716
005 20200817.0
040 |a INS 
090 0 0 |a HD66.Q3   |b K66 1985 
245 0 0 |a Konvensyen Kedua Kumpulan Meningkat Mutu Kerja (KMK/QCC) Dalam Sektor Awam :   |b Teks Persembahan Kumpulan :   |b 4hb. & 5hb. November 1985 
260 |a Kuala Lumpur :   |b Institut Tadbiran Awam Negara Malaysia ,   |c 1985 
500 |a 2 jilid 
650 0 0 |a Quality control 
999 |a 0000001678   |b BOOK   |c Open Shelf   |e Default branch 
999 |a 0000001679   |b BOOK   |c Open Shelf   |e Default branch